Product Mascots II Quiz Stats

 Plays Quiz Updated Dec 11, 2017

Also try: Product Mascots
Challenge
Share
Tweet
Score 0/24 Timer 04:00
2 Plays Today
Company/Product % Correct
Target
90.7%
Aflac
79.9%
Progressive
75.1%
Geico
73.9%
Kellogg's Raisin Bran
72.8%
Uncle Ben's
68.2%
Dos Equis
67.1%
ICEE
66.8%
Chick-fil-A
65.3%
Little Caesars
63.5%
Cracker Jack
61.7%
Big Boy
58.9%
Company/Product % Correct
Kellogg's Corn Flakes
57.9%
Snuggle
57.6%
Maytag
45.9%
7UP
33%
Apple Jacks
32.7%
Dutch Boy Paint
29%
Borden
28.7%
Alka Seltzer
26.1%
Arby's
18.4%
Dunkin' Donuts
17.4%
9 Lives
14.5%
Lee Jeans
10.7%

You're not logged in!

Compare scores with friends on all Sporcle quizzes.
OR
Log In

You Might Also Like...

Show Comments

Extras

Top Quizzes Today


Score Distribution

Your Account Isn't Verified!

In order to create a playlist on Sporcle, you need to verify the email address you used during registration. Go to your Sporcle Settings to finish the process.

Report this User

Report this user for behavior that violates our Community Guidelines.

Details: